00848nam a22001577a 4500008004100000020001800041050002100059100002000080245020800100260003200308300003100340942001200371999001700383952015100400952013900551250117b |||||||| |||| 00| 0 eng d a9798376161821 aQA76.73b.P98R63 aRobbins, Philip aPython programming for beginners :bThe completeguide to mastering python in 7 days with hands- on exercises- top secret coding tips to get an unfair advantage and land your dream job /bycPhilip Robbins aGreat BritainbAmazonc2023 a122p.bIncludes References 2lcccBK c20572d20571 00102lcc70aKNTCbKABUd2025-01-17g5280.00i2025/0849l1oQA76.73 .P98R63 2023 C.1p33611r2025-02-27 14:42:31s2025-02-04tC.1w2025-01-17yBK 00102lcc70aKNTCbKNTCd2025-01-17g5280.00i2025/0850l0oQA76.73 .P98R63 2023 C.2p33612r2025-01-17 12:57:31tC.2w2025-01-17yBK